Jours de la semaine en anglais en 20 secondes - Statistiques

Statistiques générales
  • Ce quiz a été pris 291 fois
  • Le résultat moyen est 6 sur 7
Statistiques - réponses
français anglais % Correct
Lundi Monday
99%
Mardi Tuesday
89%
Mercredi Wednesday
77%
Vendredi Friday
75%
Jeudi Thursday
75%
Samedi Saturday
69%
Dimanche Sunday
68%
Aucun quiz correspondant
Distribution des résultats
% des personnes avec chaque résultat
Percentile par nombre de réponses
Votre historique - résultats
Vous n’avez pas pris ce quiz